000 00518nam a2200193Ia 4500
005 20250326142513.0
008 250326s9999 xx 000 0 und d
020 _a0 7494 3124 5
037 _aTextbook
040 _aFMSL
_beng
_cFMSL
041 _aeng
_2eng
084 _aX:9.1 N9
_qFMSL
100 _aPerkins S J
_9742596
245 0 _aGlobalization: people dimension
_cPerkins S J
260 _aUSA
_bUSA, Kogan Page
_c1999
300 _a291p
942 _cTB
_hX:9.1 N9
999 _c1295339
_d1295339